[Event "Belgrade-ch"]
[Site "Belgrade"]
[Date "2014.01.29"]
[Round "7"]
[White "Antonic, Dusan"]
[Black "Jovanovic, Sasa T"]
[Result "0-1"]
[WhiteElo "1956"]
[BlackElo "2261"]
[PlyCount "58"]
[EventDate "2014.01.23"]
[EventType "swiss"]
[EventRounds "9"]
[EventCountry "SRB"]
[SourceTitle "CBM 158 Extra"]
[Source "ChessBase"]
[SourceDate "2014.02.28"]
[SourceVersion "1"]
[SourceVersionDate "2014.02.28"]
[SourceQuality "1"]

1. d4 d6 2. c4 e5 3. d5 f5 4. g3 Nf6 5. Nc3 Be7 6. Bg2 0-0 7. f3 c6 8. Nh3 h6 9. Nf2 cxd5 10. cxd5 b5 11. Nxb5 Qa5+ 12. Nc3 Bb7 13. e4 fxe4 14. fxe4 Ba6 15. Be3 Nbd7 16. a3 Qd8 17. h4 Nb6 18. b3 Nbd7 19. Bh3 Nb6 20. Be6+ Kh8 21. g4 Bc8 22. Bf5 Bxf5 23. exf5 Rc8 24. Qd2 Rxc3 25. Qxc3 Nfxd5 26. Qd2 Nxe3 27. Qxe3 Bxh4 28. 0-0 Nd5 29. Qf3 Nf4 0-1

[Event "Belgrade Trophy 27th"]
[Site "Obrenovac"]
[Date "2013.11.25"]
[Round "2"]
[White "Antonic, Dusan"]
[Black "Jovanovic, Sasa T"]
[Result "0-1"]
[WhiteElo "1950"]
[BlackElo "2271"]
[PlyCount "79"]
[EventDate "2013.11.24"]
[EventType "swiss"]
[EventRounds "9"]
[EventCountry "SRB"]
[SourceTitle "CBM 157 Extra"]
[Source "ChessBase"]
[SourceDate "2013.12.19"]
[SourceVersion "1"]
[SourceVersionDate "2013.12.19"]
[SourceQuality "1"]

1. d4 Nf6 2. c4 c5 3. d5 g6 4. Nc3 Bg7 5. e4 d6 6. f3 0-0 7. Be3 e6 8. Qd2 exd5 9. cxd5 a6 10. a4 Nbd7 11. Nh3 Ne5 12. Nf2 Bd7 13. Be2 b5 14. h3 Nh5 15. f4 Nc4 16. Bxc4 bxc4 17. 0-0 Qh4 18. Ne2 Rfe8 19. Rfc1 Rab8 20. Ra2 Rb4 21. e5 Ng3 22. Nxg3 Qxg3 23. Ne4 c3 24. Nxg3 cxd2 25. Bxd2 Rd4 26. b3 Rxd5 27. Ne4 dxe5 28. Nxc5 Bc8 29. Kf1 exf4 30. b4 f3 31. gxf3 Bxh3+ 32. Kf2 Bd4+ 33. Kg3 Bc8 34. Ne4 f5 35. Nc3 Be5+ 36. Kf2 Rd3 37. Ne2 Bb7 38. f4 Rf3+ 39. Kg1 Bb8 40. Nd4 0-1

[Event "Belgrade Trophy 23rd"]
[Site "Obrenovac"]
[Date "2010.12.02"]
[Round "9"]
[White "Antonic, Dusan"]
[Black "Radosavljevic, Slobodan D"]
[Result "0-1"]
[WhiteElo "1967"]
[BlackElo "2248"]
[PlyCount "62"]
[EventDate "2010.11.24"]
[EventType "swiss"]
[EventRounds "9"]
[EventCountry "YUG"]
[SourceTitle "CBM 139 Extra"]
[Source "ChessBase"]
[SourceDate "2011.01.05"]
[SourceVersion "1"]
[SourceVersionDate "2011.01.05"]
[SourceQuality "1"]

1. d4 Nf6 2. c4 c5 3. d5 b5 4. cxb5 a6 5. b6 Qxb6 6. Nc3 d6 7. e4 g6 8. Bd3 Bg7 9. Nge2 0-0 10. a4 Nbd7 11. a5 Qc7 12. f4 c4 13. Bc2 Qc5 14. h3 Bb7 15. g4 e6 16. dxe6 fxe6 17. Rf1 Ne8 18. h4 Nef6 19. Ng3 h5 20. g5 Ng4 21. Qe2 Bd4 22. Nd1 Kg7 23. Bd2 d5 24. e5 Rf7 25. Rc1 Raf8 26. b4 Qa7 27. Ba4 Ndxe5 28. fxe5 Bf2+ 29. Nxf2 Rxf2 30. Rxf2 Rxf2 31. Qd1 Rf1+ 0-1

[Event "Belgrade Trophy 23rd"]
[Site "Obrenovac"]
[Date "2010.11.29"]
[Round "6"]
[White "Aleksic, Ceda"]
[Black "Antonic, Dusan"]
[Result "0-1"]
[WhiteElo "1777"]
[BlackElo "1967"]
[PlyCount "75"]
[EventDate "2010.11.24"]
[EventType "swiss"]
[EventRounds "9"]
[EventCountry "YUG"]
[SourceTitle "CBM 139 Extra"]
[Source "ChessBase"]
[SourceDate "2011.01.05"]
[SourceVersion "1"]
[SourceVersionDate "2011.01.05"]
[SourceQuality "1"]

1. Nf3 Nf6 2. c4 e6 3. d4 d5 4. Bg5 c6 5. e3 Bb4+ 6. Nc3 Qa5 7. Qc2 Ne4 8. Rc1 Qxa2 9. cxd5 exd5 10. Bd3 Bxc3+ 11. bxc3 Qxc2 12. Rxc2 Nxg5 13. Nxg5 h6 14. Nf3 b5 15. 0-0 a5 16. e4 dxe4 17. Bxe4 Be6 18. Ne5 Ra6 19. Re1 0-0 20. Nd3 Nd7 21. Nf4 Bc4 22. g3 Nf6 23. Bf3 a4 24. Rcc1 a3 25. Re7 Rc8 26. Be2 Nd5 27. Nxd5 Bxd5 28. Ra1 a2 29. Bd3 Ra3 30. Re3 Kf8 31. Bf5 Re8 32. Rxe8+ Kxe8 33. Kf1 Rxc3 34. Ke2 Ke7 35. Bd3 Kd6 36. Kd2 b4 37. h4 Be6 38. Be4 0-1

[Event "Belgrade Trophy 23rd"]
[Site "Obrenovac"]
[Date "2010.11.26"]
[Round "3"]
[White "Antonic, Dusan"]
[Black "Rakic, Miodrag"]
[Result "0-1"]
[WhiteElo "1967"]
[BlackElo "2214"]
[PlyCount "80"]
[EventDate "2010.11.24"]
[EventType "swiss"]
[EventRounds "9"]
[EventCountry "YUG"]
[SourceTitle "CBM 139 Extra"]
[Source "ChessBase"]
[SourceDate "2011.01.05"]
[SourceVersion "1"]
[SourceVersionDate "2011.01.05"]
[SourceQuality "1"]

1. d4 f5 2. c4 g6 3. Nc3 Nf6 4. g3 Bg7 5. Bg2 0-0 6. Nh3 d6 7. f4 Na6 8. 0-0 c5 9. d5 Nc7 10. Ng5 Qe8 11. a4 h6 12. Nf3 e5 13. dxe6 Bxe6 14. Qxd6 Na6 15. Qd3 Nb4 16. Qb1 Bxc4 17. Ne5 Bb3 18. Be3 b6 19. Bf2 Rd8 20. Ra3 Bc2 21. Qc1 Ne4 22. Nxe4 fxe4 23. a5 Bxe5 24. fxe5 g5 25. axb6 axb6 26. Rc3 Ba4 27. Bxe4 Qxe5 28. Re3 Qf6 29. Qc4+ Qf7 30. Qc1 Rd1 31. Rxd1 Qxf2+ 32. Kh1 Bxd1 33. Qc4+ Rf7 34. Rf3 Qe1+ 35. Kg2 Qxe2+ 36. Qxe2 Bxe2 37. Re3 Bf1+ 38. Kg1 Bh3 39. Re1 Kg7 40. Bb1 Nc6 0-1

[Event "Belgrade Spring op"]
[Site "Belgrade"]
[Date "2010.03.28"]
[Round "5"]
[White "Antonic, Dusan"]
[Black "Masovic, Bogosav"]
[Result "1-0"]
[WhiteElo "1980"]
[BlackElo "1820"]
[PlyCount "94"]
[EventDate "2010.03.23"]
[EventType "swiss"]
[EventRounds "9"]
[EventCountry "YUG"]
[SourceTitle "CBM 135 Extra"]
[Source "ChessBase"]
[SourceDate "2010.05.04"]
[SourceVersion "1"]
[SourceVersionDate "2010.05.04"]
[SourceQuality "1"]

1. d4 d5 2. c4 e6 3. Nf3 c6 4. e3 Nf6 5. Nc3 Be7 6. Bd3 h6 7. 0-0 0-0 8. Ne5 Nbd7 9. f4 a6 10. Rf3 Nxe5 11. fxe5 Nd7 12. Rh3 Qe8 13. Qg4 dxc4 14. Bxc4 Nb6 15. Bd3 f5 16. Qg3 Bg5 17. e4 Bxc1 18. Rxc1 f4 19. Qg4 Kh7 20. Rf1 Bd7 21. Rxf4 Rxf4 22. Qxf4 Qf8 23. Qxf8 Rxf8 24. b4 Kg8 25. a4 Nc8 26. a5 Ne7 27. Na4 Bc8 28. Nc5 Rd8 29. Nb3 Rf8 30. Bc4 Rf4 31. Re3 Rf8 32. Nc5 Rd8 33. Bxe6+ Bxe6 34. Nxe6 Rd7 35. Rf3 Ng6 36. g3 Re7 37. Nc5 Nf8 38. Kf2 Ne6 39. Nxe6 Rxe6 40. Ke3 Re8 41. Kd3 Re7 42. Kc4 Re8 43. Kc5 Rd8 44. e6 Re8 45. Kd6 Rd8+ 46. Ke5 Rf8 47. Rxf8+ Kxf8 1-0

[Event "Belgrade Spring op"]
[Site "Belgrade"]
[Date "2010.03.26"]
[Round "4"]
[White "Bozic, Milan"]
[Black "Antonic, Dusan"]
[Result "1-0"]
[WhiteElo "1738"]
[BlackElo "1980"]
[PlyCount "100"]
[EventDate "2010.03.23"]
[EventType "swiss"]
[EventRounds "9"]
[EventCountry "YUG"]
[SourceTitle "CBM 135 Extra"]
[Source "ChessBase"]
[SourceDate "2010.05.04"]
[SourceVersion "1"]
[SourceVersionDate "2010.05.04"]
[SourceQuality "1"]

1. e4 c5 2. Nf3 d6 3. d4 cxd4 4. Nxd4 Nf6 5. Nc3 g6 6. Be3 Bg7 7. Qd2 Nc6 8. f3 Bd7 9. Bc4 Rc8 10. Bb3 h5 11. 0-0-0 Ne5 12. h4 Nc4 13. Bxc4 Rxc4 14. e5 dxe5 15. Nde2 Qa5 16. Bg5 Be6 17. f4 Nd7 18. fxe5 Bxe5 19. Kb1 f6 20. Bf4 Kf7 21. Bxe5 Nxe5 22. Nf4 Bf5 23. Rhf1 Bg4 24. Rde1 Kg7 25. Nfd5 Qd8 26. Qf2 Be6 27. Rd1 Bxd5 28. Nxd5 Qe8 29. Qxa7 Rxh4 30. Qxb7 Qc6 31. Qxe7+ Kh6 32. Nxf6 Qb5 33. Ng8+ Rxg8 34. Qxh4 Rg7 35. Qf4+ Kh7 36. Rfe1 Nc4 37. Qf6 Rc7 38. Re7+ Rxe7 39. Qxe7+ Kh6 40. Qf8+ Kg5 41. Qd8+ Kh6 42. Qh8+ Kg5 43. Kc1 Ne3 44. Qd8+ Kh6 45. Qd2 Qg5 46. Re1 Nxg2 47. Qxg5+ Kxg5 48. Rg1 h4 49. Rxg2+ Kh5 50. Kd2 h3 1-0

[Event "Belgrade-ch"]
[Site "Belgrade"]
[Date "2010.01.30"]
[Round "8"]
[White "Damjanovic, Lazar"]
[Black "Antonic, Dusan"]
[Result "0-1"]
[WhiteElo "2149"]
[BlackElo "1973"]
[PlyCount "90"]
[EventDate "2010.01.23"]
[EventType "swiss"]
[EventRounds "9"]
[EventCountry "YUG"]
[SourceTitle "CBM 134 Extra"]
[Source "ChessBase"]
[SourceDate "2010.03.03"]
[SourceVersion "1"]
[SourceVersionDate "2010.03.03"]
[SourceQuality "1"]

1. e4 c5 2. Nc3 Nc6 3. Nge2 d6 4. d4 cxd4 5. Nxd4 g6 6. Be3 Bg7 7. Qd2 Nf6 8. f3 Bd7 9. 0-0-0 Rc8 10. Kb1 Na5 11. g4 Nc4 12. Bxc4 Rxc4 13. Qe2 Qc8 14. Rd3 h5 15. g5 Nh7 16. h4 Nf8 17. Ndb5 Bxb5 18. Nxb5 a6 19. Nc3 Bxc3 20. bxc3 Rxc3 21. Bd4 Rxd3 22. Bxh8 Ra3 23. e5 Qe6 24. c4 Qf5+ 25. Ka1 Qxf3 26. Qxf3 Rxf3 27. Rb1 dxe5 28. Rxb7 Nd7 29. Ra7 Nc5 30. Kb2 Na4+ 31. Kc2 Rc3+ 32. Kd2 Rxc4 33. Bxe5 Rxh4 34. Rxa6 Kd7 35. Ke3 Re4+ 36. Kxe4 Nc5+ 37. Kd5 Nxa6 38. a4 h4 39. Kc4 Kc6 40. a5 h3 41. Bh2 f6 42. Bf4 Nc5 43. Bh2 Ne4 44. gxf6 exf6 45. a6 Nd2+ 0-1

[Event "Belgrade-ch"]
[Site "Belgrade"]
[Date "2010.01.29"]
[Round "7"]
[White "Antonic, Dusan"]
[Black "Pusonja, Nikola"]
[Result "1-0"]
[WhiteElo "1973"]
[BlackElo "1763"]
[PlyCount "133"]
[EventDate "2010.01.23"]
[EventType "swiss"]
[EventRounds "9"]
[EventCountry "YUG"]
[SourceTitle "CBM 134 Extra"]
[Source "ChessBase"]
[SourceDate "2010.03.03"]
[SourceVersion "1"]
[SourceVersionDate "2010.03.03"]
[SourceQuality "1"]

1. d4 c5 2. d5 Nf6 3. g3 g6 4. Bg2 d6 5. c4 Bg7 6. Nc3 0-0 7. e4 a6 8. a4 Nbd7 9. Qe2 Ne8 10. Bd2 Nc7 11. h4 Nf6 12. Ra3 Rb8 13. Nh3 Bd7 14. a5 b5 15. cxb5 axb5 16. Nd1 b4 17. Ra2 Bb5 18. Qf3 Ba6 19. Bf1 Nb5 20. Be3 h5 21. Bd3 Ng4 22. Nf4 Ne5 23. Qe2 Nxd3+ 24. Nxd3 Nc7 25. Qd2 Qd7 26. f4 Qb5 27. Nc1 Ne8 28. b3 Nf6 29. Nf2 Ng4 30. Nd1 Rfc8 31. Qe2 Qd7 32. Qf3 e6 33. Rd2 Qe7 34. Nf2 Nxe3 35. Qxe3 Bc3 36. dxe6 Qxe6 37. f5 gxf5 38. Qg5+ Qg6 39. exf5 Bxd2+ 40. Kxd2 Qxg5+ 41. hxg5 Kg7 42. Ne4 Re8 43. Nf6 Rh8 44. Nxh5+ Kf8 45. g4 Re8 46. g6 fxg6 47. fxg6 Re7 48. Rh2 Rh6 49. Rf2+ Kg8 50. Rf6 Rd7 51. Ke3 Rg7 52. Nxg7 Kxg7 53. Rxd6 Rxg6 54. Rd7+ Kf8 55. Ra7 Bb5 56. Kf4 Ra6 57. Rc7 c4 58. bxc4 Ba4 59. Rb7 Rxa5 60. Rxb4 Be8 61. Nd3 Ra7 62. Ne5 Rc7 63. Kf5 Re7 64. Kf6 Rc7 65. Rb8 Rg7 66. c5 Rg8 67. c6 1-0

[Event "Belgrade-ch"]
[Site "Belgrade"]
[Date "2010.01.27"]
[Round "5"]
[White "Antonic, Dusan"]
[Black "Djordjevic, Vuk D"]
[Result "1-0"]
[WhiteElo "1973"]
[BlackElo "1784"]
[PlyCount "107"]
[EventDate "2010.01.23"]
[EventType "swiss"]
[EventRounds "9"]
[EventCountry "YUG"]
[SourceTitle "CBM 134 Extra"]
[Source "ChessBase"]
[SourceDate "2010.03.03"]
[SourceVersion "1"]
[SourceVersionDate "2010.03.03"]
[SourceQuality "1"]

1. d4 Nf6 2. c4 e6 3. Nc3 Bb4 4. Bg5 h6 5. Bh4 c5 6. d5 d6 7. f3 Qa5 8. Bxf6 gxf6 9. Qd2 Bxc3 10. bxc3 e5 11. e4 Na6 12. Rb1 Qc7 13. Bd3 b6 14. g4 Bb7 15. h4 0-0-0 16. h5 Nb8 17. Ne2 Nd7 18. Ng3 Rdg8 19. Nf5 Rg5 20. 0-0 Nb8 21. Bc2 Qd8 22. Ba4 Na6 23. Rb3 Kc7 24. Ra3 Kb8 25. Rb1 Nc7 26. Kf2 Bc8 27. Ne3 Bd7 28. Qc2 Qc8 29. Bxd7 Qxd7 30. Qb3 Na8 31. Nf5 Rxf5 32. exf5 Rg8 33. Qc2 Rg5 34. Rab3 Kc7 35. Ra3 Kb8 36. Ke3 Kb7 37. Ke4 Kb8 38. Rb5 Nc7 39. Rb1 Na8 40. Rab3 Kc7 41. Rb5 a6 42. R5b2 Rg7 43. a4 a5 44. Rb5 Qc8 45. Kd3 Qa6 46. Qd2 Rg5 47. Qe2 Qc8 48. Rg1 Qg8 49. Rbb1 Qe8 50. Ra1 Qd7 51. Kc2 Qc8 52. Qe3 Qa6 53. Kb3 Qb7 54. f4 1-0

[Event "Belgrade op"]
[Site "Belgrade"]
[Date "2009.11.25"]
[Round "2"]
[White "Menkinoski, Riste"]
[Black "Antonic, Dusan"]
[Result "1-0"]
[WhiteElo "2346"]
[BlackElo "1965"]
[PlyCount "44"]
[EventDate "2009.11.24"]
[EventType "swiss"]
[EventRounds "9"]
[EventCountry "YUG"]
[SourceTitle "CBM 133 Extra"]
[Source "ChessBase"]
[SourceDate "2010.01.05"]
[SourceVersion "1"]
[SourceVersionDate "2010.01.05"]
[SourceQuality "1"]

1. e4 c5 2. Nf3 d6 3. Bb5+ Bd7 4. Bxd7+ Qxd7 5. 0-0 Nc6 6. c3 d5 7. exd5 Qxd5 8. d4 Rd8 9. Qa4 e6 10. c4 Qd7 11. d5 exd5 12. Re1+ Be7 13. Nc3 d4 14. Ne4 Kf8 15. Bg5 f6 16. Bd2 h5 17. Qa3 b6 18. Nh4 Kf7 19. Qf3 Ne5 20. Ng5+ Ke8 21. Rxe5 fxe5 22. Ng6 Qd6 1-0

[Event "Belgrade Spring op"]
[Site "Belgrade"]
[Date "2009.03.30"]
[Round "8"]
[White "Antonic, Dusan"]
[Black "Korbovljanovic, Natasa"]
[Result "1-0"]
[WhiteElo "1980"]
[BlackElo "1737"]
[PlyCount "43"]
[EventDate "2009.03.21"]
[EventType "swiss"]
[EventRounds "9"]
[EventCountry "YUG"]
[SourceTitle "CBM 129 Extra"]
[Source "ChessBase"]
[SourceDate "2009.05.05"]
[SourceVersion "2"]
[SourceVersionDate "2009.05.20"]
[SourceQuality "1"]

1. d4 d5 2. c4 dxc4 3. Nc3 Nf6 4. Nf3 Bf5 5. e3 e6 6. Bxc4 Nbd7 7. 0-0 Be7 8. Qe2 0-0 9. e4 Bg4 10. Rd1 c6 11. h3 Bh5 12. Bd3 Qc7 13. e5 Nd5 14. Bxh7+ Kxh7 15. Ng5+ Bxg5 16. Qxh5+ Kg8 17. Bxg5 N7b6 18. Ne4 Nc8 19. Nf6+ Nxf6 20. exf6 gxf6 21. Bxf6 Qf4 22. Qh8# 1-0

[Event "Belgrade Spring op"]
[Site "Belgrade"]
[Date "2009.03.27"]
[Round "6"]
[White "Antonic, Dusan"]
[Black "Bralic, Dragoslav Z"]
[Result "0-1"]
[WhiteElo "1980"]
[BlackElo "1804"]
[PlyCount "80"]
[EventDate "2009.03.21"]
[EventType "swiss"]
[EventRounds "9"]
[EventCountry "YUG"]
[SourceTitle "CBM 129 Extra"]
[Source "ChessBase"]
[SourceDate "2009.05.05"]
[SourceVersion "2"]
[SourceVersionDate "2009.05.20"]
[SourceQuality "1"]

1. d4 Nf6 2. c4 e6 3. Bg5 Bb4+ 4. Nd2 h6 5. Bh4 g5 6. Bg3 Ne4 7. Ngf3 c5 8. a3 Bxd2+ 9. Nxd2 Nxg3 10. hxg3 Qf6 11. Ne4 Qxd4 12. Qxd4 cxd4 13. Nxg5 d6 14. 0-0-0 Nc6 15. b4 a6 16. Nf3 e5 17. Rh4 Bf5 18. g4 Bg6 19. g5 h5 20. e3 dxe3 21. Rxd6 exf2 22. Kd2 e4 23. Nh2 Ke7 24. Rd5 Rad8 25. Ke3 Rxd5 26. cxd5 Ne5 27. Kxf2 Rd8 28. Be2 Rxd5 29. Nf1 Nd3+ 30. Kg1 Rxg5 31. Nd2 f5 32. Bxd3 exd3 33. Rd4 f4 34. Nf3 Rb5 35. a4 Rb6 36. Ne5 Bh7 37. Kf2 Rd6 38. Nf3 Rxd4 39. Nxd4 Kd6 40. Nb3 Kd5 0-1

[Event "Belgrade Trophy 21st"]
[Site "Obrenovac"]
[Date "2008.11.29"]
[Round "3"]
[White "Antanaskovic, Predrag"]
[Black "Antonic, Dusan"]
[Result "1/2-1/2"]
[WhiteElo "2182"]
[BlackElo "1979"]
[PlyCount "87"]
[EventDate "2008.11.27"]
[EventType "swiss"]
[EventRounds "9"]
[EventCountry "YUG"]
[SourceTitle "CBM 127 Extra"]
[Source "ChessBase"]
[SourceDate "2009.01.08"]
[SourceVersion "2"]
[SourceVersionDate "2009.01.28"]
[SourceQuality "1"]

1. d4 Nf6 2. Nf3 d5 3. e3 c5 4. c3 e6 5. Bd3 Nbd7 6. 0-0 Bd6 7. Nbd2 0-0 8. Qe2 Re8 9. e4 dxe4 10. Nxe4 Nxe4 11. Qxe4 f5 12. Qe2 cxd4 13. Nxd4 Nf8 14. Re1 Bd7 15. Bc4 Kh8 16. Qh5 Rc8 17. Bg5 Be7 18. Bxe7 Rxe7 19. Bb3 Qe8 20. Qf3 Rc7 21. Re3 g6 22. Re5 b6 23. Rae1 Rc5 24. Qe3 Rxe5 25. Qxe5+ Kg8 26. Qd6 Kg7 27. f4 h6 28. h3 Kh7 29. Qc7 Bc8 30. Qb8 Qd7 31. Qe5 Qe8 32. Kh2 Nd7 33. Qd6 Nf8 34. g4 fxg4 35. hxg4 Bd7 36. Kg3 Qf7 37. Qe5 Re8 38. Qc7 Qg7 39. Qxa7 e5 40. fxe5 Rxe5 41. Rf1 Re3+ 42. Rf3 Qe5+ 43. Kf2 Qd6 44. Qb7 1/2-1/2

[Event "Belgrade-chT Quality"]
[Site "Belgrade"]
[Date "2008.11.10"]
[Round "9"]
[White "Antonic, Dusan"]
[Black "Knezevic, Milorad J"]
[Result "0-1"]
[WhiteElo "1979"]
[BlackElo "2183"]
[PlyCount "120"]
[EventDate "2008.11.01"]
[EventType "team-swiss"]
[EventRounds "11"]
[EventCountry "YUG"]
[SourceTitle "CBM 127 Extra"]
[Source "ChessBase"]
[SourceDate "2009.01.08"]
[SourceVersion "2"]
[SourceVersionDate "2009.01.28"]
[SourceQuality "1"]

1. d4 e6 2. c4 d5 3. Nc3 f5 4. Bf4 c6 5. e3 Nf6 6. Nf3 Be7 7. Ne5 0-0 8. f3 Nh5 9. Bg3 Bh4 10. f4 Bxg3+ 11. hxg3 Nxg3 12. Rh3 Nxf1 13. Kxf1 Nd7 14. cxd5 exd5 15. Kf2 Nf6 16. Qh1 Be6 17. Qh2 Qc7 18. Qg3 Ng4+ 19. Ke2 Rf6 20. Rah1 h6 21. Qf3 Qb6 22. b3 Rd8 23. Kd1 Qa6 24. Kc2 Qa3 25. Nd3 b6 26. b4 Bf7 27. Rb1 Qa6 28. Rhh1 Qc8 29. Kb2 Qe6 30. Ne5 Bg6 31. Rbc1 Be8 32. a3 c5 33. Rhd1 cxb4 34. axb4 Qd6 35. Na2 Re6 36. Rd3 Nf6 37. Rdc3 Ne4 38. Rc7 Re7 39. Rxe7 Qxe7 40. Qe2 a5 41. Qe1 Qb7 42. Nc3 Nd6 43. Nd1 Bb5 44. Qc3 Rc8 45. Qb3 Bc4 46. Qa3 Ra8 47. Nc3 b5 48. Kc2 a4 49. Kd1 Qe7 50. g3 Qe8 51. g4 fxg4 52. Kc2 Qh5 53. Kb1 Qh3 54. Re1 Rc8 55. Qc1 g3 56. Rh1 Qf5+ 57. Kb2 g2 58. Rg1 Bf1 59. Qe1 a3+ 60. Kb3 Bc4+ 0-1

[Event "Belgrade-chT Quality"]
[Site "Belgrade"]
[Date "2008.11.06"]
[Round "6"]
[White "Radivojevic, Milan R"]
[Black "Antonic, Dusan"]
[Result "0-1"]
[WhiteElo "2272"]
[BlackElo "1979"]
[PlyCount "102"]
[EventDate "2008.11.01"]
[EventType "team-swiss"]
[EventRounds "11"]
[EventCountry "YUG"]
[SourceTitle "CBM 127 Extra"]
[Source "ChessBase"]
[SourceDate "2009.01.08"]
[SourceVersion "2"]
[SourceVersionDate "2009.01.28"]
[SourceQuality "1"]

1. e4 c5 2. Nc3 d6 3. g3 Nc6 4. d3 g6 5. Bg2 Bg7 6. Be3 e5 7. Qd2 Nge7 8. Bh6 Bxh6 9. Qxh6 Nd4 10. Qd2 Be6 11. f4 h5 12. Nd1 h4 13. c3 Ndc6 14. Ne3 d5 15. exd5 Nxd5 16. Ne2 hxg3 17. Nxd5 Bxd5 18. Bxd5 Qxd5 19. Nxg3 0-0-0 20. 0-0-0 Qxa2 21. Qf2 Qa1+ 22. Kc2 Qa4+ 23. Kb1 exf4 24. Ne4 Rxd3 25. Rde1 Rhd8 26. Qxf4 Rd1+ 27. Rxd1 Rxd1+ 28. Rxd1 Qxd1+ 29. Ka2 Qd5+ 30. b3 f5 31. Nd6+ Kd7 32. Nxb7 Ne7 33. Na5 Qd3 34. Qe5 Qd2+ 35. Ka3 Qd6 36. Qe2 Nd5 37. Kb2 Nb6 38. Nb7 Qc6 39. Qd3+ Kc7 40. Na5 Qg2+ 41. Ka3 Qd5 42. Qa6 Kb8 43. Qb5 Qd6 44. Qe8+ Kc7 45. Qf7+ Nd7 46. Nc4 Qf6 47. Qd5 f4 48. Qa8 Qa6+ 49. Kb2 Nb6 50. Nxb6 Qxb6 51. Qf8 Qd6 0-1

[Event "Belgrade-chT Quality"]
[Site "Belgrade"]
[Date "2008.11.01"]
[Round "1"]
[White "Markovic, Misa"]
[Black "Antonic, Dusan"]
[Result "1-0"]
[WhiteElo "2181"]
[BlackElo "1979"]
[PlyCount "67"]
[EventDate "2008.11.01"]
[EventType "team-swiss"]
[EventRounds "11"]
[EventCountry "YUG"]
[SourceTitle "CBM 127 Extra"]
[Source "ChessBase"]
[SourceDate "2009.01.08"]
[SourceVersion "2"]
[SourceVersionDate "2009.01.28"]
[SourceQuality "1"]

1. e4 c5 2. Nf3 d6 3. d4 cxd4 4. Nxd4 Nf6 5. Nc3 g6 6. Be3 Bg7 7. Be2 Bd7 8. Qd2 Nc6 9. Nb3 a6 10. Bh6 0-0 11. h4 Ne5 12. Bxg7 Kxg7 13. h5 Be6 14. hxg6 fxg6 15. Nd4 Bg8 16. Qh6+ Kf7 17. f4 Neg4 18. Bxg4 Nxg4 19. Qh3 Qb6 20. Nce2 Nf6 21. 0-0-0 e5 22. Ne6 Rfc8 23. Ng5+ Ke8 24. fxe5 dxe5 25. Nc3 Rc6 26. Nd5 Qb5 27. Qa3 Nxd5 28. exd5 Rf6 29. Nxh7 Rf2 30. Qd6 Qe2 31. Nf6+ Kf7 32. Qe6+ Kf8 33. Qxg8+ Ke7 34. Qe6+ 1-0

[Event "Belgrade Spring op"]
[Site "Belgrade"]
[Date "2008.03.30"]
[Round "6"]
[White "Vukovic, Nenad"]
[Black "Antonic, Dusan"]
[Result "0-1"]
[WhiteElo "1796"]
[BlackElo "1978"]
[PlyCount "26"]
[EventDate "2008.03.25"]
[EventType "swiss"]
[EventRounds "9"]
[EventCountry "YUG"]
[SourceTitle "CBM 123 Extra"]
[Source "ChessBase"]
[SourceDate "2008.05.06"]
[SourceVersion "1"]
[SourceVersionDate "2008.05.06"]
[SourceQuality "1"]

1. e4 c5 2. f4 Nc6 3. Bb5 Qb6 4. Nc3 e6 5. Qe2 Nd4 6. Qd3 a6 7. Ba4 Qa7 8. Nge2 Nxe2 9. Qxe2 b5 10. Bxb5 axb5 11. Nxb5 Qb6 12. Nc3 g6 13. b3 Bg7 0-1

[Event "Belgrade Trophy 20th"]
[Site "Belgrade"]
[Date "2007.11.29"]
[Round "8"]
[White "Antonic, Dusan"]
[Black "Knezevic, Mladen Z"]
[Result "0-1"]
[WhiteElo "1985"]
[BlackElo "2172"]
[PlyCount "68"]
[EventDate "2007.11.22"]
[EventType "swiss"]
[EventRounds "9"]
[EventCountry "YUG"]
[SourceTitle "CBM 121 Extra"]
[Source "ChessBase"]
[SourceDate "2008.01.10"]
[SourceVersion "1"]
[SourceVersionDate "2008.01.10"]
[SourceQuality "1"]

1. d4 Nf6 2. c4 e6 3. Nc3 Bb4 4. e3 0-0 5. Nf3 b6 6. Qc2 Bb7 7. Bd3 d6 8. e4 c5 9. d5 e5 10. 0-0 Bxc3 11. Qxc3 Nbd7 12. Bg5 h6 13. Bh4 Re8 14. a4 Nf8 15. b4 Bc8 16. bxc5 bxc5 17. h3 g5 18. Bg3 Ng6 19. a5 Nh5 20. Nh2 Nhf4 21. Ng4 Bxg4 22. hxg4 Nh4 23. Bxh4 gxh4 24. Qc2 Qg5 25. f3 h5 26. Be2 hxg4 27. fxg4 Kg7 28. Bf3 Rh8 29. Ra3 Rab8 30. Rb1 Rxb1+ 31. Qxb1 h3 32. g3 h2+ 33. Kh1 Nh3 34. Ra2 Qe3 0-1

[Event "Belgrade Trophy 20th"]
[Site "Belgrade"]
[Date "2007.11.27"]
[Round "6"]
[White "Jovic, Branko"]
[Black "Antonic, Dusan"]
[Result "0-1"]
[WhiteElo "1783"]
[BlackElo "1985"]
[PlyCount "74"]
[EventDate "2007.11.22"]
[EventType "swiss"]
[EventRounds "9"]
[EventCountry "YUG"]
[SourceTitle "CBM 121 Extra"]
[Source "ChessBase"]
[SourceDate "2008.01.10"]
[SourceVersion "1"]
[SourceVersionDate "2008.01.10"]
[SourceQuality "1"]

1. e4 c5 2. Nf3 d6 3. d4 cxd4 4. Nxd4 Nf6 5. Bd3 Nc6 6. c3 g6 7. 0-0 Bg7 8. Be3 Bd7 9. Nd2 a6 10. f4 Ng4 11. Qe2 Nxe3 12. Qxe3 Nxd4 13. cxd4 Qb6 14. Nb3 a5 15. Qe2 a4 16. Nd2 Bxd4+ 17. Kh1 0-0 18. Rab1 Bg7 19. Nc4 Qd8 20. e5 d5 21. Nd2 e6 22. Rfc1 Qa5 23. Nf3 Rac8 24. h4 Qb4 25. g3 b5 26. a3 Qa5 27. h5 b4 28. Qd2 Rxc1+ 29. Rxc1 Rb8 30. hxg6 hxg6 31. Nd4 Qb6 32. Ne2 bxa3 33. bxa3 Bf8 34. Ra1 Qf2 35. Ba6 Kg7 36. Qd4 Qf3+ 37. Kg1 Bc5 0-1

[Event "Belgrade Trophy 20th"]
[Site "Belgrade"]
[Date "2007.11.26"]
[Round "5"]
[White "Antonic, Dusan"]
[Black "Ugrenovic, Bozidar"]
[Result "0-1"]
[WhiteElo "1985"]
[BlackElo "2108"]
[PlyCount "142"]
[EventDate "2007.11.22"]
[EventType "swiss"]
[EventRounds "9"]
[EventCountry "YUG"]
[SourceTitle "CBM 121 Extra"]
[Source "ChessBase"]
[SourceDate "2008.01.10"]
[SourceVersion "1"]
[SourceVersionDate "2008.01.10"]
[SourceQuality "1"]

1. d4 d5 2. c4 e6 3. Nc3 Nf6 4. Bg5 Nbd7 5. Rc1 c6 6. e3 Qa5 7. Bxf6 Nxf6 8. a3 dxc4 9. Bxc4 b5 10. Bd3 Nd5 11. Nge2 b4 12. axb4 Qxb4 13. Qd2 Bd7 14. 0-0 Rb8 15. e4 Nb6 16. Ra1 a5 17. Ra2 c5 18. dxc5 Bxc5 19. Kh1 0-0 20. f4 f5 21. Ng3 Rbd8 22. Qc2 g6 23. Qe2 Rfe8 24. Raa1 Bc6 25. e5 Rd4 26. Qc2 Rxf4 27. Na2 Rxf1+ 28. Bxf1 Qd4 29. Ne2 Qf2 30. b4 axb4 31. Nxb4 Bb5 32. Nd3 Bxd3 33. Qxd3 Nd5 34. Qf3 Rb8 35. h3 Rb2 36. Qxf2 Bxf2 37. Nc1 Ne3 38. Be2 Bg3 39. Bf3 Nc2 40. Nd3 Nxa1 41. Nxb2 Bxe5 42. Nc4 Bd4 43. Bd1 e5 44. g3 Kf7 45. Kg2 Ke6 46. Kf1 Kd5 47. Nd2 e4 48. Nb3 Kc4 49. Nxa1 Bxa1 50. Ke2 h6 51. Ke3 g5 52. Bh5 Kd5 53. Bd1 Bd4+ 54. Ke2 Be5 55. Bb3+ Kd4 56. Be6 f4 57. gxf4 gxf4 58. Bg4 Bf6 59. Bh5 Ke5 60. Bg4 Be7 61. Kd2 Bh4 62. Ke2 Bd8 63. Kd2 Bb6 64. Ke2 Kf6 65. h4 Ke5 66. Bh5 Bd8 67. Kd2 Bxh4 68. Bg4 f3 69. Bxf3 exf3 70. Ke3 f2 71. Ke2 Ke4 0-1